[Event "1st Longtou Cup Belt and Road"]
[Site "Qinhuangdao"]
[Date "2018.05.30"]
[Round "5"]
[White "Liu, Yan"]
[Black "Tabatabaei, M amin"]
[Result "0-1"]
[WhiteElo "2474"]
[BlackElo "2587"]
[Annotator "TA"]
[PlyCount "102"]
[EventDate "2018.??.??"]
[EventCountry "CHN"]
[SourceTitle "playchess.com"]
[Source "ChessBase"]
[SourceQuality "1"]

{[%evp 15,102,5,16,-6,-2,-10,-13,-15,8,4,14,-14,14,0,0,-13,-16,-15,0,-6,18,12,50,13,24,20,18,14,6,0,0,-15,0,0,0,0,24,-41,-32,-58,-58,-180,-183,-177,-170,-183,-168,-176,-176,-172,-167,-243,-254,-275,-275,-275,-275,-275,-274,-245,-271,-270,-258,-229,-114,-117,-118,-108,-112,-117,-129,-460,-472,-609,-609,-609,-609,-591,-589,-869,-837,-889,-839,-1118,-671,-29990,-29991,-29994,-29995]} 1. Nf3 Nf6 2. c4 b6 3. g3 Bb7 4. Bg2 g6 5. b3 Bg7 6. Bb2 O-O 7. O-O e6 8. d4 {A15: English Opening: 1...Nf6} Na6 {LiveBook: 4 Games} 9. Nbd2 c5 10. e3 {The position is equal.} Rc8 11. Qe2 cxd4 $146 ({Predecessor:} 11... d5 12. Rfd1 Qe7 13. Rac1 Rfd8 14. Ne5 dxc4 15. Bxb7 Qxb7 16. Rxc4 {0-1 (39) Larsen,K (2293)-Hansen,S (2595) Copenhagen 2010}) 12. exd4 d5 13. a3 Qe7 14. Rac1 Rfd8 15. Rfd1 Nb8 16. Ne5 a5 17. Nf1 h5 18. Ne3 h4 (18... dxc4 {with more complications.} 19. bxc4 Bxg2 20. Nxg2 Qb7 21. Nf3 Nbd7) 19. cxd5 (19. f4 {is interesting.} hxg3 20. hxg3 Nbd7 21. cxd5 exd5 22. f5) 19... Rxc1 20. Rxc1 Nxd5 21. Nxd5 Bxd5 22. Bxd5 Rxd5 23. Nf3 Bf6 24. Qe4 {[%cal Rf3h4]} Kg7 25. Kg2 {[%cal Rf3h4]} Qb7 26. Re1 (26. Nxh4 $11 Nc6 27. Nf3) 26... Nc6 {[%cal Bb8c6,Bc6d4,Bd4b3][%mdl 32]} 27. Nxh4 Bxd4 28. Qb1 (28. Bxd4+ $15 Nxd4 29. Rb1) 28... Rb5 $19 29. Bxd4+ Nxd4+ 30. Qe4 Qxe4+ 31. Rxe4 Nxb3 {[%mdl 4096] Endgame KRN-KRN} 32. Nf3 Nc5 33. Rd4 (33. Re3 $142) 33... Rb3 34. Rd6 a4 (34... Rxa3 35. Rxb6 a4 36. Ne5 $19) 35. Ne5 Kf6 (35... Rxa3 36. Rxb6 Rc3 37. Rb5 $19) 36. f4 Ke7 ({Resist} 36... Rxa3 37. Rxb6 Nd3 38. Nxd3 $19) 37. Rc6 f6 38. Nc4 {[#]} Nd7 $1 39. Nd6 e5 (39... Rxa3 $19 40. Nc8+ Kf7 41. Nxb6 Nxb6 42. Rxb6 Ra2+ 43. Kf3 Ra1) 40. f5 $17 gxf5 ({But not} 40... Rxa3 $2 41. fxg6 Nc5 42. g7 $18) 41. Nxf5+ {[#]} Kf7 $1 42. h4 Rxa3 43. Rd6 $2 {[%mdl 8192]} (43. h5 $17 {is more resistant.}) 43... e4 $19 44. h5 Rd3 45. h6 {And now h7 would win.} Kg6 {Threatens to win with ...Rxd6.} 46. Re6 a3 {[%cal Ba4a3,Ba3a2][%mdl 32]} 47. Rxe4 a2 {Hoping for ...Rd2+.} 48. Ra4 Rd2+ ({Stronger than} 48... Kxf5 49. h7 $14) 49. Kh3 Nc5 50. Ra8 Kxf5 51. h7 Ne4 {Precision: White = 31%, Black = 61%.} 0-1

[Event "1st Longtou Cup Belt and Road"]
[Site "Qinhuangdao"]
[Date "2018.05.30"]
[Round "5"]
[White "Mohr, Georg"]
[Black "Huang, Renjie"]
[Result "1/2-1/2"]
[WhiteElo "2469"]
[BlackElo "2280"]
[Annotator "TA"]
[PlyCount "137"]
[EventDate "2018.??.??"]
[EventCountry "CHN"]
[SourceTitle "playchess.com"]
[Source "ChessBase"]
[SourceQuality "1"]

{[%evp 14,137,3,6,19,18,28,28,28,29,30,16,27,14,29,31,35,29,32,16,21,7,15,7,12,7,12,8,4,11,204,200,215,215,215,215,218,215,216,223,220,0,0,0,0,-710,-754,-750,-740,-1150,-1029,-707,-159,-593,0,-93,-91,-89,-90,-90,-62,-62,-62,-62,-62,-62,-62,-62,-62,-66,-47,-47,-47,-47,-47,-47,-47,-47,-47,-47,-47,-47,-47,-47,-47,-47,-47,-47,-47,-47,-47,-47,-47,-47,-47,-47,-27,-27,-27,-27,-27,-27,-27,-27,-27,-27,-27,-27,0,-27,0,0,0,0,0,0,0,0,0,0,0,0,0,-8,-8,-8]} 1. e4 c5 2. Nf3 g6 3. d4 cxd4 4. Qxd4 Nf6 5. Nc3 Nc6 6. Qa4 d6 7. e5 dxe5 8. Nxe5 {Black should prevent Bc4.} Bd7 {B27: Sicilian: 2 Nf3, unusual Black 2nd moves} 9. Nxd7 Qxd7 10. Be3 Bg7 {White has an edge.} 11. Rd1 Qc8 (11... Qg4 12. Rd4 Qf5 13. Bd3 Qe5 14. Rb4 Qc7 15. Bb5 O-O 16. Rc4 {0-1 (36) Wei,Y (2706)-Bu,X (2681) China 2015}) 12. Bb5 (12. Be2 {is more complex.} O-O 13. O-O e6 14. Qb3 Qc7 15. g3) 12... O-O 13. Bxc6 (13. Be2 {looks sharper.} h5 14. O-O Ng4 15. Bf4 Qe6 16. Bc4) 13... bxc6 14. O-O Qb7 15. b3 $146 ({Predecessor:} 15. Qb3 Qa6 16. Bc5 {½-½ (39) Panesso Rivera,H (2368)-Lozano,N (2165) Medellin 2014}) 15... a5 16. Rd3 $36 {[%mdl 2048] White has good play.} Nd5 17. Nxd5 cxd5 18. c4 d4 19. Bxd4 Rfd8 20. Rfd1 Qe4 {[%cal Rg7d4]} 21. c5 e5 $2 (21... Rd5 $11 {and Black stays safe.}) 22. f3 $18 Qd5 23. Be3 Qxd3 24. Rxd3 Rxd3 25. Kf2 $1 Rc3 26. b4 Bf8 27. Qc6 $2 (27. bxa5 Bxc5 28. Bxc5 Rxc5 $15) (27. a3 $18) 27... Rd8 $1 $11 28. b5 Rdd3 29. b6 $2 {[%mdl 8192]} (29. Bg5 $11 h6 30. Bf6 Bxc5+ 31. Ke2 Re3+ 32. Kd2 Rcd3+ 33. Kc2 Rc3+ 34. Kd2 Red3+ 35. Ke2 Re3+ 36. Kd2) 29... Rc2+ $19 30. Kg3 Rxe3 31. b7 {[#]} Ree2 $1 {[%cal Re2g2]} (31... Rb2 32. Kh3 $15) 32. f4 e4 $2 (32... Rc3+ $19 {and Black stays clearly on top.} 33. Kg4 Rb2) 33. f5 $2 {[#]} (33. b8=Q {is a self mate.} Rxg2+ 34. Kh4 Rxh2+ 35. Kg5 Rh5+ 36. Kg4 Rg2#) (33. Kh4 $17 Rb2 34. Qc8 Rxg2 35. f5) 33... Rb2 $2 ({Better is} 33... Rc3+ $1 $19 34. Kf4 Rf2+ 35. Kxe4 Rb2) 34. Qc7 (34. Qc8 $11 {keeps the balance.}) 34... Rxg2+ $17 35. Kf4 Rgf2+ 36. Kxe4 Rb4+ ({Of course not} 36... gxf5+ $6 37. Ke5 $14) 37. Kd3 Rf3+ ({Worse is} 37... Rfb2 38. c6 $16) 38. Ke2 Rxf5 39. b8=Q Rxb8 40. Qxb8 {c6 is the strong threat.} Rxc5 $15 {[%mdl 4096] Endgame Threatens to win with ...Rc2+. KQ-KRB} 41. a4 h5 42. Kf3 Kg7 43. Qb2+ Kh7 44. h3 Rf5+ 45. Ke4 Bd6 46. Qb6 Bg3 47. Qc6 Bh4 48. Qd7 Kg7 49. Qd4+ Bf6 50. Qd7 Re5+ 51. Kf3 Rc5 52. Kg2 Rc2+ 53. Kf3 Rc3+ 54. Kg2 h4 55. Qd5 Rg3+ 56. Kh2 Rg5 57. Qd7 Be5+ 58. Kh1 Rg3 59. Qc8 Rd3 60. Kg2 Rg3+ 61. Kh1 f5 62. Qd7+ {The position is equal.} Kh6 63. Qd2+ f4 64. Qxa5 Rxh3+ 65. Kg2 Re3 66. Qd8 h3+ 67. Kh2 Kh5 68. a5 g5 {( -> ...Re2+)} 69. Qd7 {Precision: White = 72%, Black = 58%.} 1/2-1/2

[Event "1st Longtou Cup Belt and Road"]
[Site "Qinhuangdao"]
[Date "2018.05.30"]
[Round "5"]
[White "Zou, Chen"]
[Black "Liu, Guanchu"]
[Result "1-0"]
[WhiteElo "2361"]
[BlackElo "2459"]
[Annotator "TA"]
[PlyCount "65"]
[EventDate "2018.??.??"]
[EventCountry "CHN"]
[SourceTitle "playchess.com"]
[Source "ChessBase"]
[SourceQuality "1"]

{[%evp 31,65,0,0,0,52,37,29,39,38,0,0,-31,0,0,38,34,419,477,472,452,476,465,468,455,464,458,461,416,1052,463,461,448,462,462,717,702]} 1. e4 c5 2. Nf3 g6 3. d4 cxd4 4. Nxd4 Nc6 5. Nc3 Bg7 6. Be3 Nf6 7. Bc4 O-O 8. Bb3 d6 9. f3 Bd7 10. Qd2 Nxd4 11. Bxd4 b5 12. a4 b4 {B77: Sizilianisch (Moderne Drachen-Variante)} 13. Nd5 Nxd5 14. Bxg7 Kxg7 15. exd5 Qa5 (15... Qb6 16. h4 h5 17. O-O-O Qa5 18. g4 Bxa4 19. Kb1 Bxb3 20. cxb3 {0-1 (33) Vachier Lagrave,M (2796)-Giri,A (2771) Stavanger 2017}) 16. O-O {[%cal Bh1f1,Bf1e1,Be1e4,Be4h4][%mdl 32]} Qc5+ {LiveBook: 5 Partien} 17. Kh1 Rac8 ({Besser ist} 17... Rfe8 $11) 18. Rfe1 Rfe8 19. Re4 a5 20. Rh4 h5 $146 21. g4 {[%cal Bg2g4,Bg4h5,Bh5h6][%mdl 32]} Rh8 22. gxh5 Bf5 23. Rg1 $36 {[%mdl 2048] Weiss drückt.} Bxc2 $2 {[%mdl 8192] [#]} (23... Rcg8 $14) 24. Rc1 $1 $18 {[%cal Rc1c2]} Bxb3 25. Rxc5 Rxc5 {[#]} 26. Qd4+ $1 Kg8 {zielt auf ...Tc4 ab.} 27. h6 {[%csl Gh6][%cal Rd4g7]} Rh7 28. Qe3 Bxd5 29. Qxe7 {[%cal Re7e8]} Bxf3+ 30. Kg1 {[%cal Re7e8] Weiß steht klar auf Gewinn.} Rc8 31. Qxd6 Bh5 32. Qd2 Rh8 (32... Re8 $142 33. Re4 Rf8) 33. Qg5 {Precision: Weiß = 82%, Schwarz = 53%.} 1-0

[Event "1st Longtou Cup Belt and Road"]
[Site "Qinhuangdao"]
[Date "2018.05.30"]
[Round "5"]
[White "Wang, Yu A"]
[Black "Dai, Changren"]
[Result "0-1"]
[WhiteElo "2340"]
[BlackElo "2436"]
[Annotator "TA"]
[PlyCount "97"]
[EventDate "2018.??.??"]
[EventCountry "CHN"]
[SourceTitle "playchess.com"]
[Source "ChessBase"]
[SourceQuality "1"]

{[%evp 27,97,0,0,-33,0,-27,-14,-30,-14,-14,-15,-81,-47,-47,-40,-50,-33,-79,-66,-99,-102,-93,-96,-209,-200,-298,-311,-355,-325,-320,-229,-222,-222,-212,-183,-184,-184,-209,-212,-191,-187,-271,-271,-367,-365,-454,-477,-558,-554,-631,-614,-819,-589,-1129,-969,-1042,-983,-787,-834,-1379,-1204,-1472,-1401,-1151,-1110,-12835,-8850,-5514,-5281,-12841,-12842,-12843]} 1. e4 c5 2. c3 Nf6 3. e5 Nd5 4. d4 cxd4 5. Nf3 Nc6 6. cxd4 d6 7. Bc4 Nb6 8. Bb5 dxe5 9. Nxe5 Bd7 10. Bxc6 Bxc6 11. Nxc6 bxc6 12. O-O e6 13. Nc3 Be7 14. Qf3 Nd5 {LiveBook: 3 Games. B22: Sicilian: 2 c3} 15. Bf4 (15. Be3 O-O 16. Rac1 Qa5 17. Rc2 Rfd8 18. g3 Rab8 19. Kg2 Nxc3 20. bxc3 Qa4 21. Qe2 Qb5 22. Qxb5 Rxb5 {½-½ (33) Sumaneev,D (2464)-Kovalev,A (2539) Karvina 2003}) 15... O-O 16. Rfd1 Qb6 $146 {Black has an edge.} ({Predecessor:} 16... Nxf4 17. Qxf4 Qb8 18. Qc1 Rd8 19. Qc2 Bf6 20. Ne2 Qb6 21. Rd3 Rd6 22. g3 {½-½ (44) Minev,N (2390)-Vaisman,V (2400) Bucharest 1978}) 17. b3 Nxf4 18. Qxf4 Rad8 19. Rd3 (19. Rac1 $11 {keeps the balance.}) 19... Rd7 20. Rad1 Rfd8 21. Qe4 Bf6 {[%cal Rd7d4]} 22. Ne2 h6 23. h3 Qa6 24. Nc3 {[#]} c5 $1 {[%cal Rf6d4][%mdl 512]} 25. Na4 (25. d5 $17 {was necessary.}) (25. dxc5 Rxd3) 25... Rxd4 $19 26. Nxc5 (26. Rxd4 $142 cxd4 27. Qb1) 26... Qxa2 27. Qe3 Rxd3 28. Rxd3 Qb1+ 29. Kh2 Rxd3 30. Qxd3 Qxd3 31. Nxd3 {[%mdl 4096] Endgame KB-KN} Bd4 32. g4 {[#]} f5 $1 33. Kg3 Kf7 34. f4 (34. Nb4 $142) 34... Ke7 35. Kf3 Kd6 36. Nb4 a5 {Black is clearly winning.} 37. Nc2 Bc5 38. Ke2 Kd5 39. Kd3 g6 {[%cal Bg7g6,Bg6h5][%mdl 32]} 40. Ne1 fxg4 41. hxg4 h5 42. gxh5 gxh5 43. Ng2 Bb6 44. Nh4 Bd8 45. Ng6 Bf6 46. Ke3 Kc5 47. Nf8 Kb4 48. Nxe6 Kxb3 49. Kd3 {Precision: White = 13%, Black = 82%.} 0-1

[Event "1st Longtou Cup Belt and Road"]
[Site "Qinhuangdao"]
[Date "2018.05.30"]
[Round "5"]
[White "Wang, Shixu B"]
[Black "Chen, Qi b"]
[Result "1/2-1/2"]
[WhiteElo "2203"]
[BlackElo "2432"]
[Annotator "TA"]
[PlyCount "62"]
[EventDate "2018.??.??"]
[EventCountry "CHN"]
[SourceTitle "playchess.com"]
[Source "ChessBase"]
[SourceQuality "1"]

{[%evp 20,62,8,0,0,0,0,0,0,6,35,29,25,27,33,11,18,0,112,81,108,96,106,97,82,27,41,27,27,30,27,45,51,18,18,15,24,22,45,5,6,4,10,5,16]} 1. d4 Nf6 2. c4 g6 3. Nc3 Bg7 4. e4 d6 5. Be2 O-O 6. Be3 c5 7. d5 e6 8. h3 exd5 9. exd5 Re8 10. Nf3 Bf5 11. O-O Ne4 {E91: King's Indian: Classical: 6 Be2, unusual replies including 6...c5 and 6...Bg4} 12. Nxe4 Bxe4 13. Qd2 $146 ({Predecessor:} 13. Bd3 Bxf3 14. Qxf3 Nd7 15. Rab1 Ne5 16. Qd1 Qh4 17. b3 f5 18. Bc1 Re7 19. Bb2 {½-½ (27) Fazulyanov,S (2297)-Nesterov,Y (2497) Moscow 2006}) 13... Qb6 14. Ng5 Bf5 ({Don't play} 14... Bxb2 $6 {[#]} 15. Rab1 $1 $16 {[%mdl 512]}) 15. g4 Bc8 16. Rab1 $36 {[%mdl 2048] White has the initiative.} Nd7 17. Kg2 Qd8 18. b3 Nf8 (18... h6 $11 19. Nf3 Nf6) 19. Bd3 $16 f5 20. gxf5 Bxf5 21. Bxf5 gxf5 22. Rbe1 (22. Rg1 $16) 22... Qf6 $1 $11 23. Bf4 h6 24. Ne6 Nxe6 25. dxe6 Rxe6 26. Rxe6 (26. Qd5 {seems wilder.} Rae8 27. Rxe6 Qxe6 28. Qxb7 Bd4 29. Rg1) 26... Qxe6 27. Qxd6 Qxd6 28. Bxd6 {KRB-KRB} b6 29. Kf3 Rd8 {The position is equal.} 30. Bf4 Kf7 31. Re1 Rd7 {Precision: White = 48%, Black = 65%.} 1/2-1/2

[Event "1st Longtou Cup Belt and Road"]
[Site "Qinhuangdao"]
[Date "2018.06.01"]
[Round "6"]
[White "Gordievsky, Dmitry"]
[Black "Chu, Wei Chao"]
[Result "1-0"]
[WhiteElo "2653"]
[BlackElo "2403"]
[Annotator "TA"]
[PlyCount "83"]
[EventDate "2018.??.??"]
[EventCountry "CHN"]
[SourceTitle "playchess.com"]
[Source "ChessBase"]
[SourceQuality "1"]

{[%evp 9,83,8,23,14,14,9,22,22,8,21,14,6,14,13,18,0,14,7,15,16,16,16,21,15,16,21,38,0,2,4,8,10,6,8,13,3,16,6,16,18,18,18,24,16,26,18,20,15,20,0,0,0,0,0,0,0,0,0,0,0,32,39,35,47,256,273,320,297,411,430,386,391,1049,1037,1116,1101]} 1. c4 Nf6 2. Nc3 c5 3. Nf3 d5 4. cxd5 Nxd5 5. e3 Nxc3 6. dxc3 {A34: Symmetrical English: 2 Nc3, lines with ...d5} Qc7 7. e4 Nc6 8. Qd2 {The position is equal.} e6 9. Qg5 f6 10. Qh5+ Qf7 11. Qxf7+ Kxf7 12. Bb5 $146 ({Predecessor:} 12. Be3 e5 13. Bc4+ {½-½ (45) Bluebaum,M (2631)-Vachier Lagrave,M (2789) Karlsruhe/Baden-Baden 2018}) 12... Bd7 13. Bf4 Nb4 14. Bxd7 Nd3+ 15. Kf1 Nxf4 16. g3 Nd3 17. Ke2 Rd8 18. Kxd3 (18. Bb5 {keeps more tension.} Ne5 19. Nxe5+ fxe5 20. a4 g5 21. Bc4) 18... Rxd7+ 19. Ke2 Be7 20. Rhd1 Rhd8 21. Rxd7 Rxd7 $11 {[%mdl 4096] Endgame KRB-KRN} 22. a4 Rd6 23. Nd2 Ra6 24. b3 Rd6 25. Nc4 Rd7 26. a5 a6 27. f4 h5 28. h3 Bd8 29. g4 Bc7 30. Ke3 Rd8 31. Rh1 Rh8 32. g5 e5 33. fxe5 {[#] aiming for Rf1.} fxg5 34. Nd6+ Kg6 35. b4 cxb4 36. cxb4 h4 $2 {[#]} ({Black should try} 36... Rd8 $14) 37. Kd4 $1 $18 g4 38. hxg4 b6 39. axb6 Bxb6+ 40. Kd5 h3 $2 (40... Bd8 41. e6 Be7) 41. e6 Bd8 42. Nf7 {Precision: White = 70%, Black = 51%.} 1-0

[Event "1st Longtou Cup Belt and Road"]
[Site "Qinhuangdao"]
[Date "2018.06.01"]
[Round "6"]
[White "Tabatabaei, M amin"]
[Black "Idani, Pouya"]
[Result "1/2-1/2"]
[WhiteElo "2587"]
[BlackElo "2572"]
[Annotator "TA"]
[PlyCount "159"]
[EventDate "2018.??.??"]
[EventCountry "CHN"]
[SourceTitle "playchess.com"]
[Source "ChessBase"]
[SourceQuality "1"]

{[%evp 24,159,0,0,29,35,70,71,75,63,65,0,0,0,0,0,0,-20,-13,-9,-11,-26,-17,-17,0,0,0,0,0,0,0,0,0,-2,-13,-11,-13,-10,-11,-39,-26,-35,-9,-66,-22,-203,-184,-170,-107,-127,-111,-132,0,0,0,0,4,0,106,112,279,265,356,347,348,351,343,335,334,312,372,355,359,357,356,325,313,306,397,383,528,528,492,486,471,356,369,369,369,369,369,369,369,369,369,369,369,369,369,288,432,409,391,376,369,366,369,369,369,369,366,234,348,229,215,226,225,218,216,202,197,194,195,175,169,71,79,0,8,8,15,0,258,0,0,0,0,0]} 1. e4 c5 2. Nf3 Nc6 3. Bb5 g6 4. O-O Bg7 5. Re1 Nf6 {[%cal Bg8f6,Bf6d5,Bd5c7,Bc7e6,Be6d4,Bd4f3][%mdl 32]} 6. e5 Nd5 7. Nc3 {[%cal Bb1c3,Bc3e4,Be4f6][%mdl 32]} Nc7 8. Bxc6 dxc6 9. Ne4 b6 10. Nf6+ Kf8 11. Ne4 Bg4 12. d3 Ne6 {B31: Sicilian: 2...Nc6 3 Bb5 g6} (12... Bxe5 13. Nxe5 Bxd1 14. Bh6+ Kg8 15. Nxc6 Bxc2 16. Nxc5 bxc5 17. Nxd8 Rxd8 18. Rxe7 Ne6 19. Re1 Ba4 20. Rxa7 {1-0 (58) Mamedov,R (2678)-Dubov,D (2677) Heraklio 2017}) 13. Ned2 {LiveBook: 42 Games} Nd4 14. h3 Nxf3+ {White is slightly better.} 15. Nxf3 Bxf3 16. Qxf3 Qd5 17. Re4 (17. Qg3 $14) 17... Bxe5 $11 18. Bh6+ $146 ({Predecessor:} 18. Bg5 Bd6 19. Rae1 Qxg5 20. h4 {0-1 (51) Ankerst,M (2095)-Maric,K (2015) Slovenia 1995}) 18... Bg7 $1 {[%cal Rg7h6]} 19. Qf4 Qd6 20. Qe3 Bxh6 21. Qxh6+ Kg8 22. Rae1 e6 23. R1e3 Re8 24. h4 Qf8 25. Qf4 h5 26. Qc7 Qe7 27. Qxc6 Kg7 28. Rf4 Rd8 29. a4 Rd4 $36 {[%mdl 2048] White is under pressure.} 30. Ref3 Rf8 31. c3 Rd6 32. Qe4 e5 {Strongly threatening ...Re6.} 33. Rg3 ({White should play} 33. Qe2 $11) 33... Kh7 34. Rg5 $2 (34. Qe2 $11 {and White has nothing to worry.}) 34... f5 $19 35. Qe2 Re6 (35... Re8 $19 36. Rf3 c4 $1 {[%mdl 512]} 37. dxc4 e4) 36. Rf3 {[%cal Bf4f3,Bf3e3,Be3d3,Bd3d5,Bd5h5][%mdl 32]} e4 37. Re3 Rd8 (37... Re8 $17 {White must now prevent ...exd3.} 38. Qd2 Rd8) 38. dxe4 $11 f4 39. Rd3 Rxe4 40. Qf3 $1 Re8 (40... Rxd3 $11 {remains equal.} 41. Qxd3 Kh6) 41. Rdd5 $1 $16 Qf7 $2 {[#]} (41... Rd8 $16 42. Rxd8 Re1+ 43. Kh2 Qxd8) 42. Rxh5+ $1 $18 {[%mdl 512]} gxh5 43. Rxh5+ Kg7 44. Qg4+ $1 Kf8 {aiming for ...Re1+.} 45. Rf5 R8e7 46. Qg6 ({Don't play} 46. Rxf7+ $6 Rxf7 47. Kh2 Re5 $18) 46... R4e5 47. Rxf7+ Rxf7 {[%mdl 4096] Endgame KQ-KRR} 48. Qd6+ Ree7 49. h5 {[%cal Bh4h5,Bh5h6][%mdl 32]} Kg8 50. a5 bxa5 51. Qxc5 a4 52. Qg5+ Kh8 53. Qg6 Rb7 54. h6 Rfc7 55. Qf6+ Kh7 56. Qxf4 Rf7 57. Qxa4 Rxb2 58. f3 Kxh6 59. Qh4+ Kg7 60. c4 {[%cal Bc3c4,Bc4c5][%mdl 32]} Rb6 61. c5 Rbf6 (61... Rc6 $142 62. Qd4+ Kh6) 62. Qg4+ Kh7 63. Qe4+ Kg7 64. Qe5 Kh7 65. Kf2 a5 66. Ke3 Rg6 67. Qe4 a4 (67... Ra7 $142 68. Qh4+ Kg7 69. Qd4+ Kh7 70. Qh4+ Kg8) 68. Kf2 Ra7 {intending ...a3.} 69. c6 $1 a3 70. Qh4+ Rh6 {[#]} 71. Qd4 $1 {[%cal Rd4a7]} Rc7 72. Qd3+ Kg7 73. Qxa3 Rhxc6 74. g4 (74. Qa1+ $18 {and White stays clearly on top.} Kh7 75. Qe5) 74... Rf7 $16 {[#]} 75. Qb2+ (75. g5 $1 $16 {Hoping for Qe3.} Rc8 76. Qa1+ Kg8 77. g6 Rc2+ 78. Kg3) 75... Kg6 $11 76. Qb1+ Kg7 $1 77. Qb2+ $2 (77. Qb8 $11 Rcf6 78. Kg3) 77... Kg6 $1 $18 78. g5 $2 ({White should try} 78. Kg3 $18) 78... Rf5 $11 79. Qb7 Rc2+ 80. Kg3 {Precision: White = 59%, Black = 62%.} 1/2-1/2

[Event "1st Longtou Cup Belt and Road"]
[Site "Qinhuangdao"]
[Date "2018.06.01"]
[Round "6"]
[White "Stupak, Kirill"]
[Black "Mosadeghpour, Masoud"]
[Result "1-0"]
[WhiteElo "2556"]
[BlackElo "2535"]
[Annotator "TA"]
[PlyCount "88"]
[EventDate "2018.??.??"]
[EventCountry "CHN"]
[SourceTitle "playchess.com"]
[Source "ChessBase"]
[SourceQuality "1"]

{[%evp 14,88,0,0,0,0,0,0,0,0,0,0,72,69,76,79,70,71,71,81,187,200,183,189,187,185,185,190,181,184,187,188,191,183,204,216,224,204,208,200,286,271,330,318,303,178,204,126,183,174,163,160,236,187,199,195,188,195,227,233,231,221,250,245,293,281,348,355,364,341,433,435,476,494,462,489,670]} 1. d4 Nf6 2. c4 g6 3. Nc3 {[%cal Bb1c3,Bc3a4,Ba4c5][%mdl 32]} d5 4. Nf3 Bg7 5. cxd5 Nxd5 6. Na4 Bf5 {D90: Grünfeld: 4 Nf3 Bg7 sidelines} 7. Nh4 Bd7 8. e4 {LiveBook: 6 Games} Nb6 {The position is equal.} (8... e5 9. Nf3 exd4 10. exd5 O-O 11. Be2 d3 12. Qxd3 Bxa4 13. O-O c6 14. Qe4 {½-½ (50) Li,C (2746)-Nepomniachtchi,I (2740) Moscow 2016}) 9. Nc5 e5 10. Nf3 exd4 11. Bg5 Qc8 $146 ({Predecessor:} 11... f6 12. Qxd4 {½-½ (12) Demin,V (2439)-Uzhva,A (2288) Belgorod 2009}) 12. Qd2 Na4 (12... Nc6 $11) 13. Nxa4 $16 Bxa4 14. Bh6 $1 {[%cal Rh6g7]} (14. Nxd4 $6 O-O $11) (14. Qb4 Qd7 $11) 14... Bxh6 15. Qxh6 {Strongly threatening Qg7.} Qe6 16. Qg7 $36 {[%mdl 2048] White is really pushing.} Qxe4+ (16... Rf8 $16 17. Qxd4 Qd7) 17. Be2 $18 Rf8 18. O-O $1 {[%mdl 1024] White has strong compensation.} Nc6 {White must now prevent ...0-0-0.} 19. Rfe1 O-O-O 20. b3 $1 (20. Bd1 Qf4 $11) 20... Qf4 {Hoping for ...Rg8.} 21. g3 (21. bxa4 Rg8 $16) 21... Qf5 {...Bb5 is the strong threat.} 22. bxa4 Rg8 {[#]} 23. Qh6 $1 (23. Qxh7 Rh8 $11) 23... d3 24. Bd1 g5 25. h3 Kb8 26. Kg2 d2 (26... Rd6 $142 27. Qh5 h6) 27. Re2 Rd6 28. Qh5 Nd4 29. Nxd4 (29. Rxd2 Nxf3 30. Rxd6 Ne1+ 31. Kf1 cxd6 $17) (29. Re5 $142 Qf6 30. Rxg5 Rxg5 31. Nxg5 (31. Qxg5 $2 {is the wrong capture.} Qxg5 32. Nxg5 Rc6 $19)) 29... Rxd4 30. Bb3 Rgd8 {[#]} (30... c5 $16 {might work better.}) 31. Rd1 $1 c5 32. Qxf7 Qc8 (32... Qxf7 $16 {keeps fighting.} 33. Bxf7 h6) 33. Qe6 Qxe6 34. Bxe6 ({Don't do} 34. Rxe6 $6 c4 $16) 34... Kc7 35. Bf5 h6 36. Bc2 c4 37. Re3 Kc6 38. Kf1 a6 39. a5 Kb5 40. Rb1+ Kc5 41. Ke2 ({Inferior is} 41. Rxb7 d1=Q+ 42. Bxd1 Rxd1+ 43. Kg2 Rc8 $11) 41... R8d7 42. Kd1 {White is clearly winning.} R4d6 43. Bf5 Rf7 44. g4 Kd5 {Precision: White = 93%, Black = 49%.} 1-0

[Event "1st Longtou Cup Belt and Road"]
[Site "Qinhuangdao"]
[Date "2018.06.01"]
[Round "6"]
[White "Xu, Yinglun"]
[Black "Antipov, Mikhail Al"]
[Result "1/2-1/2"]
[WhiteElo "2539"]
[BlackElo "2597"]
[Annotator "TA"]
[PlyCount "36"]
[EventDate "2018.??.??"]
[EventCountry "CHN"]
[SourceTitle "playchess.com"]
[Source "ChessBase"]
[SourceQuality "1"]

{[%evp 14,36,23,20,38,27,14,0,0,0,0,0,0,0,0,0,0,0,0,0,0,0,0,0,0]} 1. d4 Nf6 2. c4 c6 3. Nf3 d5 4. e3 Bf5 5. Nc3 a6 6. cxd5 {D15: Slav Defence: 4 Nc3 a6 and gambit lines after 4 Nc3 dxc4} (6. Qb3 Ra7 7. Nh4 Bc8 8. Qc2 e6 9. Nf3 Be7 10. e4 dxe4 11. Nxe4 Nbd7 12. Bd3 Nxe4 13. Bxe4 Nf6 14. Bd3 {1-0 (34) Ding,L (2778)-Shankland,S (2671) Liaocheng 2018}) 6... cxd5 7. Ne5 Nc6 8. Be2 {LiveBook: 4 Games. White has an edge.} h5 9. Qb3 $146 ({Predecessor:} 9. Qa4 Bd7 10. Nxd7 Qxd7 11. b4 e6 12. Rb1 Ra7 13. b5 axb5 14. Qxb5 {½-½ (41) Kazhgaleyev,M (2566)-Popov,V (2546) St Petersburg 2014}) 9... Rb8 10. O-O {The position is equal.} e6 11. Qa4 Bd6 12. Nxc6 bxc6 13. Qxc6+ Kf8 $1 14. Qxa6 Ra8 15. Qb7 Rb8 16. Qa6 Ra8 17. Qb7 Rb8 18. Qa6 Ra8 1/2-1/2